000 00702cam a2200193 a 4500
020 _a9781435402560 (pbk)
020 _a1435402561
050 0 0 _aT 385
_b.K34 2009
100 1 _aKalameja, Alan J.
245 1 0 _aAutoCAD 2009 tutor for engineering graphics /
_cAlan J. Kalameja.
260 _aClifton Park, N.Y. :
_bDelmar Cengage Learning,
_cc2009.
300 _a 1218 p. :
500 _aIncludes index.
650 0 _bcommunication with AUTOCAD
856 4 2 _uhttp://www.loc.gov/catdir/enhancements/fy1104/2008905992-b.html
856 4 2 _uhttp://www.loc.gov/catdir/enhancements/fy1104/2008905992-d.html
856 4 1 _uhttp://www.loc.gov/catdir/enhancements/fy1104/2008905992-t.html
942 _2lcc
_cGEN
999 _c5283
_d5283